000 00906cab a2200229 4500
001 WB2943-36
008 090401t1993 xxu||||| |||| 00| 0 eng d
035 _a(Sirsi) u72034
041 _aeng
245 _aRent Acts
260 _c1993
350 _a0
490 _aEstates Gazette Case Summaries
_v1993 EGCS 178 (13/11/93)
520 _a"Jones and another v White and another", CA 28 October 1993, considered whether it was just and equitable to make a possession order and dispense with the requirement for a written notice when the landlords were returning from abroad and required possession.
650 _aPOSSESSION ORDER
650 _aREGISTERED RENTS
650 _aRENT ACT 1968 S79
650 _aPROPERTY-RESIDENTIAL PROPERTY-RESIDENTIAL LANDLORD AND TENANT-RESIDENTIAL TENANCIES
690 _aLANDLORD AND TENANT-CASE LAW-RESIDENTIAL TENANCIES
942 _n0
948 _c04/03/1997
999 _c45445
_d45445